Logo quiz 5 - Statistics

Estatísticas Gerais
  • Esse quiz foi jogado 211 vezes
  • A pontuação média é 10 de 15
Estatísticas das Respostas
Imagem Resposta % Correto
Dove
96%
Sprite
95%
Samsung
94%
Marvel
92%
Subway
89%
Honda
87%
Heineken
83%
Volkswagen
80%
Excel
78%
Intel
78%
Nickelodeon
78%
Lipton
37%
Warner brothers
28%
Swarovski
27%
Chiquita
7%
Nenhum quiz correspondente encontrado
Distribuição das Pontuações
Porcentagem de Pessoas com Cada Pontuação
Percentil de Números Respondidos
Sua Pontuação Histórica
Você não jogou esse quiz